LEADER 01589nam a2200325 4500 001 000000346189 003 CaOOAMICUS 005 20210524141656.0 008 210524s1601 it 000 u ita r 026 $ee.to nohe hen- deti (3) 1601 (R) 040 $aSeMil$bita 100 01$aPlato,$d<427-347 a.C.>.$0(OLS)http://semarc/name/5353 245 00$a5: Delle opere di Platone tradotte in lingua volgare da Dardi Bembo parte 5. 264 1$a(In Venetia :$bAppresso Domenico Nicolini,$c1601) 300 $a[2], 369, [1], 6, [1] c. ;$c12° 500 $aColophon a c. a6v. 500 $aSegn.: pg2 A2 B-3Q6 3R2 a6 500 $aFront. calcogr. incisi da Francesco Valesio 500 $aTestatine, iniziali xilogr. 700 1 $aBembo, Dardi,$d.$0(OLS)http://semarc/name/113950 700 1 $aValesio, Francesco .$0(OLS)http://semarc/name/79874 700 1 $aNicolini da Sabbio, Domenico,$c.$0(OLS)http://semarc/name/89921 773 0 $aPlato <427-347 a.C.>$tDi tutte l'opere di Platone tradotte in lingua volgare da Dardi Bembo. Parte 1. [-5.].$d(In Venetia : Appresso Domenico Nicolini, 1601)$g5$w()346188 850 $aSeMil 852 $aSeMil$W1$xVenegono$y1$m2ZB VIII 8 FA$j226464$B237245$CSeMilBibl$Z2$F237245 $8I 900 01$aPlatone. 996 $6245$a5: Delle opere di Platone tradotte in lingua volgare da Dardi Bembo parte 5$9(OLS)http://semarc/title/435402 996 $6264$a(In Venetia :$bAppresso Domenico Nicolini$9(OLS)http://semarc/publisher/59831 LEADER 01603nam a2200301 i 4500 001 000000162653 003 CaOOAMICUS 005 20070703000000.0 008 070703s2007 it u000 u ita u 013 $a140017 020 $a978-88-209-7933-1 040 $aSeMil$bita 100 1 $aBradshaw, Paul Frederick,$d<1945- >.$0(OLS)http://semarc/name/24970 240 14$aThe search for the origins of christian worship.$0(OLS)http://semarc/title/232019 245 10$aAlle origini del culto cristiano :$bfonti e metodi per lo studio della liturgia dei primi secoli /$cPaul F. Bradshaw ; presentazione di Manlio Sodi. 260 $aCittą del Vaticano :$bLibreria Editrice Vaticana,$c2007. 300 $aVIII, 268 p. ;$c24 cm. 490 0 $aMonumenta Studia Instrumenta Liturgica ;$v46 650 4$aLiturgia - Studi.$0(OLS)http://semarc/subject/166 650 4$aChiesa primitiva e delle origini - Liturgia.$0(OLS)http://semarc/subject/30902 700 1 $aSodi, Manlio,$c.$0(OLS)http://semarc/name/180 830 0$aMonumenta Studia Instrumenta Liturgica ;$v46.$0(OLS)http://semarc/title/9420 850 $aSeMil 852 $aSeMil$W1$xVenegono$y1$m3K VI 270$j113984$B113984$CSeMilBibl$Z2$F124743 $81 961 $aAcquisto: Cittą Nuova (Agente) 996 $6020$a978-88-209-7933-1$9(OLS)http://semarc/number/148634 996 $6245$aAlle origini del culto cristiano :$bfonti e metodi per lo studio della liturgia dei primi secoli$9(OLS)http://semarc/title/232018 996 $6260$aCittą del Vaticano :$bLibreria Editrice Vaticana$9(OLS)http://semarc/publisher/29734